[Event "4NCL/Div2d/BRI1 vs. WES1"]
[Site "Staverton Park ENG"]
[Date "2010.03.28"]
[Round "8.7"]
[White "Curtis, John E"]
[Black "Clark, Ian C"]
[Result "1-0"]
[WhiteElo "2106"]
[BlackElo "2072"]
[PlyCount "125"]
[EventDate "2010.03.28"]
[SourceDate "2009.10.24"]

1. d4 Nf6 2. Nf3 d5 3. e3 e6 4. Bd3 c5 5. c3 Nc6 6. Nbd2 cxd4 7. exd4 Bd6 8.
O-O O-O 9. Re1 Qc7 10. Qe2 g6 11. Ne5 Bxe5 12. dxe5 Nd7 13. Nf3 f5 14. exf6 e5
15. f7+ Rxf7 16. Ng5 Rf6 17. Bc2 Nb6 18. Bb3 Kg7 19. Be3 h6 20. Nf3 Bg4 21.
Bxb6 Qxb6 22. Bxd5 Re8 23. h3 Bxf3 24. Bxf3 Nd8 25. Rad1 Rf7 26. Rd5 Rfe7 27.
Be4 Qf6 28. Red1 Ne6 29. Rd6 Qg5 30. Qg4 Qxg4 31. hxg4 Rf8 32. Rd7 Rff7 33.
Rxe7 Rxe7 34. Rd6 b6 35. Kf1 Nf8 36. Ke2 Ne6 37. Ke3 Nf8 38. Kd3 Rc7 39. a4 Rf7
40. f3 Rc7 41. a5 bxa5 42. Ra6 a4 43. g3 Re7 44. Rxa4 Nd7 45. b4 Nf6 46. Ra6
Kf7 47. Rd6 Rc7 48. Bd5+ Nxd5 49. Rxd5 Ke6 50. Ra5 Kf6 51. Ra6+ Kf7 52. c4 Rd7+
53. Ke4 Rd4+ 54. Kxe5 Rxc4 55. Rxa7+ Kg8 56. Rb7 Rc3 57. Kf6 Rc6+ 58. Ke5 Rc3
59. Ke4 Rc1 60. b5 Re1+ 61. Kd5 Re3 62. b6 Rxf3 63. Rc7 1-0

[Event "4NCL/Div2d/BRI1 vs. WES1"]
[Site "Staverton Park ENG"]
[Date "2010.03.28"]
[Round "8.8"]
[White "Moore, Gillian A"]
[Black "Oliver, Martin"]
[Result "1/2-1/2"]
[WhiteElo "1802"]
[BlackElo "1810"]
[PlyCount "68"]
[EventDate "2010.03.28"]
[SourceDate "2009.10.24"]

1. d4 Nf6 2. c4 g6 3. Nc3 Bg7 4. e4 d6 5. Nf3 O-O 6. Be2 e5 7. dxe5 dxe5 8.
Qxd8 Rxd8 9. Bg5 Re8 10. Nd5 Nxd5 11. cxd5 c6 12. Bc4 h6 13. Be3 b5 14. Bb3 Bb7
15. Rd1 Rd8 16. O-O cxd5 17. Bxd5 Bxd5 18. Rxd5 Rxd5 19. exd5 Nd7 20. Rc1 Nb6
21. d6 Rd8 22. Bxb6 axb6 23. Rc6 Bf8 24. Rxb6 Rxd6 25. Rxd6 Bxd6 26. Kf1 Kf8
27. Ke2 Ke7 28. Kd3 Ke6 29. Nd2 f5 30. f3 h5 31. h3 h4 32. Nf1 Kd5 33. Ne3+ Kc5
34. a3 Be7 1/2-1/2

[Event "4NCL/Div2d/CELT1 vs. ANGA"]
[Site "Staverton Park ENG"]
[Date "2010.03.28"]
[Round "8.1"]
[White "Maciol, Ryczard"]
[Black "Talsma, Paul A"]
[Result "0-1"]
[WhiteElo "2222"]
[BlackElo "2246"]
[PlyCount "76"]
[EventDate "2010.03.28"]
[SourceDate "2009.10.24"]

1. d4 f5 2. g3 Nf6 3. Bg2 g6 4. Nf3 Bg7 5. O-O O-O 6. c4 d6 7. Nc3 Qe8 8. d5 a5
9. Be3 Na6 10. Qd2 Bd7 11. Bh6 Qf7 12. Bxg7 Qxg7 13. e4 fxe4 14. Ng5 Nc5 15.
Ngxe4 Ncxe4 16. Nxe4 Nxe4 17. Bxe4 b6 18. Rae1 Rae8 19. Re3 Kh8 20. Qe2 e5 21.
b3 Re7 22. a3 Ref7 23. b4 axb4 24. axb4 Bh3 25. Bg2 Bxg2 26. Kxg2 Qf6 27. c5
bxc5 28. bxc5 h5 29. h4 Qf5 30. cxd6 cxd6 31. Qa6 Qc2 32. Re2 Qb3 33. Rd2 Qf3+
34. Kg1 Rf6 35. Qd3 Qg4 36. Kg2 Rf3 37. Qe2 e4 38. Re1 e3 0-1

[Event "4NCL/Div2d/CELT1 vs. ANGA"]
[Site "Staverton Park ENG"]
[Date "2010.03.28"]
[Round "8.2"]
[White "Munson, Shaun D"]
[Black "Kemp, Peter D"]
[Result "1/2-1/2"]
[WhiteElo "2172"]
[BlackElo "2164"]
[PlyCount "128"]
[EventDate "2010.03.28"]
[SourceDate "2009.10.24"]

1. d4 f5 2. Bg5 g6 3. Nd2 Bg7 4. e3 d6 5. Bc4 Nf6 6. h4 h6 7. Bxf6 Bxf6 8. Ne2
e5 9. dxe5 dxe5 10. c3 Qe7 11. Qc2 Bxh4 12. g4 Nc6 13. Nf3 Bf6 14. O-O-O Be6
15. Bxe6 Qxe6 16. Kb1 Rd8 17. Ng3 Ne7 18. gxf5 gxf5 19. e4 Rxd1+ 20. Rxd1 fxe4
21. Qxe4 c6 22. c4 O-O 23. Rg1 Kh8 24. Rh1 Bg7 25. Ng5 Qg6 26. Qxg6 Nxg6 27.
N5e4 Rf4 28. Kc2 Kg8 29. Kd3 Ne7 30. Rg1 Nf5 31. Ne2 Rf3+ 32. Kd2 Nd4 33. Rg3
Rf7 34. N2c3 Rf8 35. c5 h5 36. Kd3 h4 37. Rh3 Rf3+ 38. Rxf3 Nxf3 39. Ne2 Bh6
40. Nf6+ Kf7 41. Ng4 Bg7 42. Ke4 Ng5+ 43. Kf5 Ne6 44. Nxe5+ Bxe5 45. Kxe5 Nxc5
46. Nf4 Na4 47. b3 Nc3 48. a4 Nd5 49. Nh3 a5 50. f4 Ke7 51. f5 Nf6 52. Nf2 b5
53. Kf4 bxa4 54. bxa4 Kd6 55. Kg5 Ke5 56. Nd3+ Kd4 57. Nf4 Ke4 58. Kxf6 Kxf4
59. Ke6 h3 60. f6 h2 61. f7 h1=Q 62. f8=Q+ Ke4 63. Qf5+ Kd4 64. Qxa5 Qh6+
1/2-1/2

[Event "4NCL/Div2d/CELT1 vs. ANGA"]
[Site "Staverton Park ENG"]
[Date "2010.03.28"]
[Round "8.3"]
[White "Pedersen, Carsten"]
[Black "Player, Edmund C"]
[Result "1/2-1/2"]
[WhiteElo "2157"]
[BlackElo "2156"]
[PlyCount "95"]
[EventDate "2010.03.28"]
[SourceDate "2009.10.24"]

1. e4 e6 2. d4 d5 3. Nd2 Nf6 4. e5 Nfd7 5. Bd3 c5 6. c3 Nc6 7. Ne2 Qb6 8. Nf3
cxd4 9. cxd4 f6 10. exf6 Nxf6 11. O-O Bd6 12. b3 O-O 13. h3 Kh8 14. Be3 Qc7 15.
a3 Bd7 16. b4 Rae8 17. Qb1 a6 18. Qc2 Re7 19. Rac1 Qb8 20. Rfe1 Be8 21. Ng5 h6
22. Nh7 Nxh7 23. Bxh7 e5 24. Bg6 Rf6 25. Bxe8 Qxe8 26. dxe5 Bxe5 27. Bc5 Ree6
28. Qd2 Bb8 29. Rcd1 Rf5 30. Nd4 Rxe1+ 31. Rxe1 Re5 32. Rd1 Nxd4 33. Bxd4 Re6
34. Bc3 Qc6 35. Rc1 Qd6 36. g3 Ba7 37. Bd4 Bxd4 38. Qxd4 Kh7 39. Rc5 Re5 40.
Kg2 Qe6 41. Qd3+ Kg8 42. Rc7 b5 43. Qd4 Rg5 44. f4 Rg6 45. Qd3 Rf6 46. Rc5 Rf5
47. Kf3 g5 48. Kg2 1/2-1/2

[Event "4NCL/Div2d/CELT1 vs. ANGA"]
[Site "Staverton Park ENG"]
[Date "2010.03.28"]
[Round "8.4"]
[White "Merry, Alan B"]
[Black "French, Angus J"]
[Result "0-1"]
[WhiteElo "2074"]
[BlackElo "2096"]
[PlyCount "86"]
[EventDate "2010.03.28"]
[SourceDate "2009.10.24"]

1. d4 d5 2. c4 c6 3. cxd5 cxd5 4. Nc3 e5 5. dxe5 d4 6. Ne4 Nc6 7. Nf3 Bf5 8.
Ng3 Bg6 9. a3 Qa5+ 10. Bd2 Qd5 11. e3 d3 12. Bc3 Bc5 13. Qd2 Rd8 14. h4 h5 15.
Rd1 Nge7 16. b4 Bb6 17. Ng5 Nxe5 18. e4 Qd6 19. Bxe5 Qxe5 20. Bxd3 O-O 21. Nf3
Qb8 22. Qc2 Nc6 23. Ne2 Rfe8 24. O-O Ne5 25. Nxe5 Qxe5 26. Nc3 Rc8 27. Rc1 Bd4
28. Qa4 Rxc3 29. Rxc3 Bxc3 30. Qxa7 Bxe4 31. Bxe4 Qxe4 32. Qc5 Bd4 33. Qxh5 Re5
34. Qf3 Qxh4 35. Qxb7 Bxf2+ 36. Rxf2 Re1+ 37. Rf1 Qd4+ 38. Kh2 Rxf1 39. Qc8+
Kh7 40. Qh3+ Kg6 41. Qg3+ Kf6 42. b5 Rf4 43. b6 Rh4+ 0-1

[Event "4NCL/Div2d/CELT1 vs. ANGA"]
[Site "Staverton Park ENG"]
[Date "2010.03.28"]
[Round "8.5"]
[White "Josse, Mark"]
[Black "Gregory, Stephen J"]
[Result "1/2-1/2"]
[WhiteElo "2096"]
[BlackElo "2115"]
[PlyCount "87"]
[EventDate "2010.03.28"]
[SourceDate "2009.10.24"]

1. e4 d6 2. d4 Nf6 3. Nc3 g6 4. Be3 c6 5. h3 b5 6. Bd3 Bg7 7. Nf3 O-O 8. Qd2
Re8 9. O-O e5 10. dxe5 dxe5 11. Ne2 a5 12. Ng3 Na6 13. Rfd1 Qc7 14. a3 Rd8 15.
Bh6 Bh8 16. Qg5 Re8 17. Rd2 Nc5 18. Rad1 Bd7 19. Bf1 Rad8 20. Qh4 Na4 21. c3
Re6 22. Bg5 Rde8 23. Nf5 Bc8 24. Nh6+ Kf8 25. c4 Nc5 26. Re1 b4 27. axb4 axb4
28. Rdd1 Bg7 29. Ra1 Nfxe4 30. Rxe4 Nxe4 31. Qxe4 f5 32. Qe3 c5 33. Rd1 e4 34.
Bf4 exf3 35. Qxe6 Bxe6 36. Bxc7 Bxh6 37. Bd6+ Kf7 38. Bxc5 fxg2 39. Kxg2 b3 40.
Ra1 Bg7 41. Ra7+ Kg8 42. Ba3 Rb8 43. Re7 Bf7 44. Rc7 1/2-1/2

[Event "4NCL/Div2d/CELT1 vs. ANGA"]
[Site "Staverton Park ENG"]
[Date "2010.03.28"]
[Round "8.6"]
[White "Gray, Mark S"]
[Black "Thomas, Mark"]
[Result "1-0"]
[WhiteElo "2089"]
[BlackElo "2049"]
[PlyCount "42"]
[EventDate "2010.03.28"]
[SourceDate "2009.10.24"]

1. e4 Nc6 2. d4 e5 3. Nf3 exd4 4. Bc4 Bb4+ 5. c3 dxc3 6. bxc3 Ba5 7. O-O d6 8.
Qb3 Qf6 9. Re1 Nge7 10. Bg5 Qg6 11. Bxe7 Nxe7 12. Qb5+ Nc6 13. Bd5 Bb6 14.
Bxc6+ bxc6 15. Qxc6+ Ke7 16. Qxa8 Bh3 17. Nh4 Qf6 18. Nf5+ Kd7 19. Qxh8 Qg6 20.
Qxg7 Bxf5 21. Qxg6 Bxg6 1-0

[Event "4NCL/Div2d/CELT1 vs. ANGA"]
[Site "Staverton Park ENG"]
[Date "2010.03.28"]
[Round "8.7"]
[White "Fathallah, Joe"]
[Black "Boulton, William JK"]
[Result "0-1"]
[WhiteElo "1951"]
[BlackElo "2058"]
[PlyCount "88"]
[EventDate "2010.03.28"]
[SourceDate "2009.10.24"]

1. d4 f5 2. c4 Nf6 3. Nc3 d6 4. Bg5 e6 5. Nf3 Be7 6. e3 O-O 7. h3 Nc6 8. Qb3 a5
9. Be2 Qe8 10. Nb5 a4 11. Qc2 Bd8 12. Rc1 h6 13. Bxf6 Rxf6 14. d5 Nb4 15. Qd2
Na6 16. dxe6 Bxe6 17. Nfd4 Bd7 18. O-O Nc5 19. Bf3 c6 20. Nc3 g5 21. Qe2 Qg6
22. Bh5 Qg7 23. g4 f4 24. e4 f3 25. Qe3 Rf4 26. Rcd1 Bc7 27. Rfe1 Be8 28. Bxe8
Rxe8 29. Nf5 Qf8 30. Ng3 Ne6 31. Nh5 Rf7 32. Nxa4 Nf4 33. Nxf4 Rxf4 34. c5 d5
35. Qb3 Rfxe4 36. Re3 Rxe3 37. fxe3 f2+ 38. Kf1 Qf3 39. Qd3 Qxh3+ 40. Ke2 Qxg4+
41. Kf1 Re4 42. Nc3 Re6 43. e4 Rf6 44. Ne2 Bh2 0-1